| 000 | 00818 a2200181 4500 | ||
|---|---|---|---|
| 003 | Nust | ||
| 005 | 20170207153550.0 | ||
| 040 | _cNust | ||
| 082 | _a621.382 | ||
| 100 | _aAl-Wahibi, Said Khalfan (MSEE-3) | ||
| 245 |
_aDesign and simulation of advanced multimedia WDM-basesd photonic network _cSaid Khalfan Al-Wahibi |
||
| 260 |
_bMCS _cJune 1999 |
||
| 300 | _a240 p | ||
| 505 | _aIntroduction to optical fiber systems (page-1), Multimedia communication networks (page-26), WDM technology for long haul communications (page-51), System specification and design methodology (page-98), WaveNet-MX21 system applications (page-151), Computer simulation and performance analysis (page-170), Concluding for the 21st century (page-193). | ||
| 538 | _aAlmirah No. 69 Shelf No. 3 | ||
| 650 | _aMSEE Thesis | ||
| 651 | _aMSEE-3 | ||
| 942 | _cTHS | ||
| 999 |
_c188814 _d188814 |
||